Draw Pink Floyd's The Dark Side of The Moon by Guessing Songs - Statistics

General Stats
  • This quiz has been taken 1,023 times
  • The average score is 8 of 10
Answers on the Map
Answers color-coded by a green-red scale on the quiz's map according to % correct below.
 
Answer Stats
Track % Correct
Money
94%
Time
90%
Breathe (In the Air)
78%
The Great Gig in the Sky
78%
Eclipse
76%
Us and Them
76%
Brain Damage
75%
On the Run
66%
Any Colour You Like
62%
Speak to Me
62%
No matching quizzes found
Score Distribution
Percent of People with Each Score
Percentile by Number Answered
Your Score History
You have not taken this quiz